Biotechnologies - Statistiques

Statistiques générales
  • Ce quiz a été pris 166 fois
  • Le résultat moyen est 9 sur 31
Statistiques - réponses
Nom Indication % Correct
Hormones recombinantes Insuline Diabète insulino-dépendant
71%
Hormones recombinantes Somatotropine Retard de croissance
71%
Facteurs de croissance recombinant Erythropoïétines Anémie
65%
Hormones recombinantes Analogue de la parathormone Ostéoporose
59%
Vaccins recombinants Genhevac B Hépatite B
47%
Anticorps contre le domaine extracell d'ERBB2 Cancer du sein
41%
Twinrix Hépatite B et A
41%
Dornase alpha Mucoviscidose
41%
Gardasil Cancer du col de l'utérus
35%
Cervarix Cancer du col de l'utérus
35%
Engerix Hépatite B
35%
Imiglucerase Maladie de Gaucher
29%
Récepteurs recombinants Récepteur soluble liant le TNF-alpha Polyarthrite rhumatoïde
29%
Anticorps Anticorps anti-TNF alpha Polyarthrite rhumatoïde
29%
Interféron béta Sclérose en plaque
29%
Facteurs de coagulation recombinants Facteur VIIa Déficit en facteur VII
24%
Agalsidase beta Maladie de Fabry
24%
Idursulfase Maladie de Hunter
24%
Alpha-glucosidase acide Maladie de Pompe
24%
Granulocyte colony-stimulating factor Désordre hématologique
18%
Interféron gamma 1b Granulomatose
18%
Facteur VIII et facteur de Von Willebrand Prévention des hémorragies des hémophiles A
18%
Facteur VIII Prévention des hémorragies des hémophiles A
18%
Interleukine 11 Thrombocytopénie
18%
Lamivudine (régulateur d'activité enzymatique) VIH1/2
18%
Anticorps contre le domaine extracell EGFR Cancers colorectaux métastatiques
12%
Anticorps anti CD20 Lymphome B non Hodgkiniens
12%
Facteur IX Prévention des hémorragies des hémophiles B
12%
Enzymes et régulateurs d'activité Tissue plasminogen activator (tPA) Infarctus du myocarde et embolie pulmonaire aigüe
6%
Interféron alpha 2a Leucémies et hépatite B ou C
6%
Cytokines recombinantes Interleukines 2 Mélanome métastatique ou l'adénocarcinome rénal métastatique
6%
Aucun quiz correspondant
Distribution des résultats
% des personnes avec chaque résultat
Percentile par nombre de réponses
Votre historique - résultats
Vous n’avez pas pris ce quiz